On the switch from direct to indirect taxation (Registro nro. 25889)

Detalles MARC
000 -LEADER
fixed length control field 00400 a2200133 4500
001 - CONTROL NUMBER
control field ART_11843
005 - DATE AND TIME OF LATEST TRANSACTION
control field 20260410161901.0
008 - FIXED-LENGTH DATA ELEMENTS--GENERAL INFORMATION
fixed length control field 260409a
100 1# - MAIN ENTRY--PERSONAL NAME
Personal name Atkinson, A.B.
245 10 - TITLE STATEMENT
Title On the switch from direct to indirect taxation
700 1# - ADDED ENTRY--PERSONAL NAME
Personal name Stern, Nicholas H.
700 1# - ADDED ENTRY--PERSONAL NAME
Personal name Gomulka, J.
773 0# - HOST ITEM ENTRY
Title Journal of public economics
Related parts - Vol. 14, Nº 2 (oct. 1980)
Record control number REV11485

No hay ítems disponibles.